Music Quiz

Random Music or Song Quiz
Score 0/100 Timer 12:00
0 Plays Today
Ranking Song % Correct
100Bad Guy
92.7%
1Shape of You
80.9%
6God's Plan
78.2%
3Rockstar
78.2%
38Despacito
76.4%
25SAD!
71.8%
95Panda
70%
4Closer
70%
32Uptown Funk
68.2%
2One Dance
68.2%
61Girls Like You
66.4%
7Havana
66.4%
56See You Again
65.5%
65I'm the One
64.5%
57Radioactive
64.5%
26Sunflower
64.5%
67Work
63.6%
37All of Me
63.6%
35Take Me To Church
63.6%
27Stressed Out
63.6%
22HUMBLE.
63.6%
13New Rules
63.6%
11Perfect
63.6%
69In My Feelings
62.7%
51Hello
62.7%
86Shallow
61.8%
62Lucid Dreams
61.8%
12Sorry
61.8%
407 Years
60%
23Thunder
60%
5Thinking Out Loud
60%
71Chandelier
59.1%
60Wake Me Up
58.2%
46Cheerleader
58.2%
Ranking Song % Correct
8Despacito Remix
58.2%
45Bohemian Rhapsody
57.3%
97Hotline Bling
56.4%
89Cake By The Ocean
56.4%
85Side to Side
55.5%
49Happier
55.5%
15Starboy
55.5%
9Lean On
55.5%
787 Rings
54.5%
55Psycho
54.5%
42Let Her Go
54.5%
92Riptide
53.6%
44Stitches
53.6%
59I Like It
52.7%
21Believer
52.7%
81One Kiss
51.8%
75Can't Hold Us
51.8%
54Heathens
51.8%
43Can't Stop The Feeling
51.8%
96Love Me Like You Do
50.9%
70Counting Stars
50.9%
50Work From Home
50.9%
30Congratulations
50.9%
52Can't Feel My Face
50%
18I Took A Pill In Ibiza
50%
10Love Yourself
50%
68Thank U, Next
49.1%
29Cheap Thrills
49.1%
20Something Just Like This
49.1%
34Treat You Better
47.3%
93Stay
46.4%
63Rockabye
46.4%
33Cold Water
45.5%
48This Is What You Came For
44.5%
Ranking Song % Correct
31Unforgettable
44.5%
41Stay With Me
43.6%
99Me, Myself, and I
42.7%
80The Hills
42.7%
72We Don't Talk Anymore
42.7%
66I Don't Wanna Live Forever
42.7%
36What Do You Mean?
42.7%
79Ride
41.8%
39Better Now
41.8%
64Attention
40.9%
91i hate u, i love u
40%
77Sugar
40%
16Don't Let Me Down
40%
88IDGAF
38.2%
84Demons
38.2%
47That's What I Like
38.2%
28Faded
38.2%
98Silence
34.5%
73It Ain't Me
34.5%
14Say You Won't Let Go
33.6%
19Let Me Love You
31.8%
58Jocelyn Flores
30.9%
941-800-273-8255
30%
90There's Nothing Holding Me Back
30%
87In the Name of Love
30%
17Photograph
30%
74Mi Gente
29.1%
53Too Good at Goodbyes
24.5%
24XO TOUR LIF3
23.6%
76I Fall Apart
20%
82Light It Up
14.5%
83Me Rehuso
10%
Remove Ads.
Support Sporcle.
Get the best of Sporcle when you Go Orange. This ad-free experience offers more features, more stats, and more fun while also helping to support Sporcle. Thank you for becoming a member.

You're not logged in!

Compare scores with friends on all Sporcle quizzes.
OR
Log In

Show Comments

Extras

Top Quizzes Today


Score Distribution

Your Account Isn't Verified!

In order to create a playlist on Sporcle, you need to verify the email address you used during registration. Go to your Sporcle Settings to finish the process.

Report this User

Report this user for behavior that violates our Community Guidelines.

Details: